MDQL
is popping MORE tags! Check the
thread
!
Quizzes
Events
Quiz Creation
Community
Videos
Private Events
Remove Ads
Sign In
Join for FREE
Feedback
Dark Mode
Quiz Categories
Sports
Geography
Music
Movies
Television
Just For Fun
Miscellaneous
History
Literature
Language
Science
Gaming
Entertainment
Religion
Holiday
For Kids
Quiz Lab
Recent
Popular Today
Quiz Kudos Today
Editor Picks
Curator Picks
Quizzes by...
Day
Popularity
Type
Ratings
Length
Year
Community
Subscriptions
Recent Discussions
Orange Saloon
Badges
Playlists
Quests
Create
Leaderboards
Showdown
Live 5
Trivia Bingo
Activity
Puzzle Library
Sporcle Events
Private Events
Virtual Trivia
Globe League
Become a Host
Pub Owners
SporcleCon
Opinionation
Our Games
Videos
Blog
Mobile Apps
Partnerships
Remove Ads and Go Orange
Feedback
Geography
Country
Landmarks
City
State
Population
World
Capital
Continent
Flags
Europe
Africa
Asia
South America
North America
Oceania
Border
Canada
United Kingdom
Topography
United States
Geography
Country
Landmarks
City
State
Population
World
Capital
Continent
Flags
Europe
Africa
Asia
South America
North America
Oceania
Border
Canada
United Kingdom
Topography
United States
Random Quiz
Search Sporcle
×
Quiz Lab
Quiz Lab
Geography
Population
Type in answers that appear in a list
Type in answers that appear in a list
Classic
Best Score? Go Orange.
NCAA Division I FBS Football Schools in 250k+ Cities Stats
Can you name the NCAA Division I FBS Football Schools Located in Cities with Populations of 250k+?
By
brikn82
5m
31 Questions
768 Plays
768 Plays
768 Plays
Comments
Comments
Give Quiz Kudos
Give Quiz Kudos
-
- Ratings
hide this ad
Replay
Link that replays current quiz
Next Quiz
Link to next quiz in quiz playlist
You Got
0%
They Got
Avg Score
62%
Avg Friend Score
Upgrade to see
Score Distribution
Jump to the score distribution portion of the page
Score
0/31
Timer
05:00
0
Plays Today
City Population
College
% Correct
3,792,621
USC
88.8%
3,792,621
UCLA
88.7%
790,390
Texas
81.8%
420,003
Georgia Tech
80.5%
787.033
Ohio State
79.3%
608,660
Washington
78.6%
520,116
Arizona
75.8%
2,099,451
Houston
75.3%
382,578
Minnesota
71.9%
305,704
Pittsburgh
71.5%
741,096
Louisville
69.1%
296,943
Cincinnati
68.5%
646,889
Memphis
66.8%
635,710
Vanderbilt
65.1%
2,099,451
Rice
65%
741,206
TCU
62.1%
City Population
College
% Correct
1,301,617
San Diego State
59.4%
258,379
Nebraska
57%
1,526,006
Temple
55.1%
295,803
Kentucky
53.3%
343,829
Tulane
52.7%
945,942
San Jose State
52.2%
287,208
Toledo
49.7%
510,365
Fresno State
49.1%
403,892
North Carolina State
49%
649,121
UTEP
48.7%
335,709
South Florida
47.9%
374,658
Hawaii
47.8%
391,906
Tulsa
47.1%
545,852
New Mexico
40.2%
416,427
Air Force
37.1%
Quiz Playlist
Details
Report
Send in Message
Add To Playlist
Classic:
Type in answers that appear in a list
Last Updated: Feb 4, 2019
Quiz Scoreboard
CHALLENGE
Sign Up to Join the Scoreboard
Show All
Scores
Hide
Comments
May contain spoilers
Recently Published
Image Sorting: Flags VI
by Barbecue
Geography
2m
Find the 'City' Movie
by crazypaving
Movies
60s
Colored Red Africa Blitz
by spor1
Geography
45s
More to Explore
Quiz From the Vault
Featured Blog Post
14 Easter Pick-up Lines to Find Eggs With
hide this ad
You Might Also Like...
Tags
City Quiz
Population Quiz
NCAA Football
Today's Top Quizzes in Geography
Browse Geography
hide this ad
Today's Top Quizzes in Population
Browse Population
Top Contributed Quizzes in Geography
1
Colored Red Europe Blitz I
2
Countries of the World - No Outlines Minefield
3
Colored Red Africa Blitz II
4
Colored Red Europe Blitz II
5
Colored Red Europe Blitz III
6
Colored Red Africa Blitz III
7
Colored Red States Blitz I
8
A Different View: World Oceans
9
Colored Red States Blitz II
10
Colored Red States Blitz III
Explore More
Trending Topics
Harry Potter
NBA
Disney
Anime
Marvel
Kpop
Crossword
Soccer
WWE
Country
NFL
Song
The Office
Pokémon
Puzzle
hide this ad
More By:
brikn82
Quiz
Plays
Rating
Category
Featured
Created
Most Populated US Cities with no MLB Team
3,912
4.14
Sports
May 26, 2013
US States With No 100K Cities
3,667
3.88
Geography
May 29, 2013
NCAA Division I FBS Football Schools in 250k+ Cities
768
2.29
Geography
Sep 29, 2011
Pro US Sports Teams Outside City Limits
648
2.14
Sports
Oct 2, 2011
Smallest States With Pro Sports Teams
414
3.50
Geography
Jun 26, 2011
Go to Creator's Profile
Score Distribution
Quiz Creator Spotlight
brikn82
Follow
Send a Message
Quizzes Created
-
Created Quiz Play Count
-
More By This Creator
Popular Quizzes Today
1
Colored Red Africa Blitz
2
Find the US States - No Outlines Minefield
3
Find the 'City' Movie
4
5x2 Blitz: Bands
5
The Countries of the World
6
Find the US States
7
Find the Countries of Europe - No Outlines Minefield
8
US States
More Geography Quizzes
Celtic Nations Flags
Published
Trending Quizzes
Colored Red Europe Blitz I
Colored Red Africa Blitz II
Colored Red Europe Blitz II
Colored Red Africa Blitz III
Colored Red Europe Blitz III
Recently Updated
How Do You Spell That?
pecheneg
Godzilla Movies
pecheneg
Grab Bag: 4-10 Letters
pecheneg
2024 March Madness Bracket
pecheneg
Famous TV Couples
Peacemaker
Champions League XIs: Real Madrid
pecheneg
Largest US Cities 1790-2010
pecheneg
Rides in Walt Disney World
pecheneg
Most Oscar Losses (Acting)
pecheneg
Beyoncé Albums
pecheneg
Trending Topics
Anime
Kpop
NBA
Harry Potter
Crossword
Disney
Marvel
WWE
NFL
Soccer
Song
Puzzle
The Office
Country
Pokémon
Your Account Isn't Verified!
In order to create a playlist on Sporcle, you need to verify the email address you used during registration. Go to your
Sporcle Settings
to finish the process.
Report this User
Report this user for behavior that violates our
Community Guidelines
.
Details:
Send Report
Go to the Sporcle.com Mobile Site →
Comments